000 01039nam a22002417a 4500
005 20120604103042.0
008 120604t xxu||||| |||| 00| 0 eng d
010 _aENG-105406
020 _a9789381844038
_c750.00
035 _aEN-88939
037 _bDBAD/PUB
040 _aDPL
_bEng
082 _a332.1068
100 _aAshok Kumar Singh
_947698
245 _aInternet banking /
_cby Ashok Kumar Singh
260 _aDelhi
_bCalvin Publication
_c2012
270 _aL-67, First Floor, Gali No.4 , Naveen Shahadra
_bDelhi
_e110032
300 _aviii,256p.
_c23cm(Hb)
500 _aIncludes index
500 _asame ISBN as of हिन्दु धर्म एवं हिन्दु धर्म के प्रणेता रामकृष्ण परमहंस व स्वामी विवेकानंद
942 _2ddc
_cEN
_h332.1068
_mASH
999 _c67436
_d67436